000 01201 a2200241 4500
001 118672
020 _a9788526016859
020 _qbroch.
041 _apor
082 _a[Fic]
250 _a51.ed.
520 _aMais uma vez Orígenes Lessa surpreende o leitor por sua originalidade em criar histórias bem-humoradas e profundamente reflexivas e críticas. Nesta, o narrador-personagem, um cabo de vassoura lúcido e sábio, conta sua trajetória desde que o arrancaram de uma árvore até sua trágica incursão ao mundo dos homens. A narrativa, irônica, dinâmica e engraçada, prende a atenção do leitor que, pela voz do protagonista, não tem como não reavaliar questões essenciais da natureza humana e rever a construção de uma sociedade mais justa e mais solidária.
697 _aLiteratura Brasileira
856 _u000031/000031ad.jpg
040 _aBR-BrIDEA
_cBR-BrIDEA
090 _aYear 5 [Fic]
_bLES
100 _aLessa, Orígenes
_d1903-1986
245 1 0 _aMemórias de um cabo de vassoura
_cOrígenes Lessa ; Ilustrações Aveloni Guedes
260 _aSão Paulo, SP
_bGlobal
_c2012
300 _a99 p.
_bill.
700 _aGuedes, Avelino
_eilustrador
942 _cBK
999 _c118672
_d118672